000 00412nam a2200181Ia 4500
999 _c33988
_d33988
003 OSt
005 20260413110947.0
008 220204s9999 xx 000 0 und d
020 _a9789388818506
040 _cMUIT
082 _a615.5
_bKAR-M
_2FIRST
100 _aKAR, ASHUTOSH
245 0 _aMEDICINAL CHEMISTRY - II
250 _a1ST
260 _aDelhi
_bNew age
_c2020
300 _a229
942 _cBK
_2ddc